| 000 | 00863nam a22002897a 4500 | ||
|---|---|---|---|
| 003 | DO-SdBNP | ||
| 005 | 20180223151906.0 | ||
| 008 | 151123b 1992 sp a00| 0 spa d | ||
| 010 | _a00260 | ||
| 020 | _a8430572937 | ||
| 040 |
_aBPMSU _bspa _cBPMSU |
||
| 082 | 4 |
_axxxxx _bxxxxx |
|
| 100 | 1 | _aWood, Jenny. | |
| 245 | 1 | 0 |
_aAnimales cazadores / _cJenny Wood ; ilustraciones Mike Atkinson ; Jim Channeel y Robert Cook ; traducción de Isabel Mauhourat. |
| 260 |
_aMadrid : _bSusaeta, _c1992. |
||
| 300 |
_a48 p. : _bil. ; _c30 cm. |
||
| 490 | 1 | _aAnimales en acción | |
| 700 | 1 | 2 |
_aAtkinson, Mike, _eil. |
| 700 | 1 | 2 |
_aChannel, Jim, _eil. |
| 700 | 1 | 2 |
_aCook, Robert B., _eil. |
| 700 | 1 | 2 |
_aMauhourat, Isabel, _etr. |
| 830 | 0 | _aAnimales en acción | |
| 910 | _a00260 | ||
| 942 |
_2ddc _cBK |
||
| 945 | _aInventariado, 2018 / BT | ||
| 956 |
_aLorenza Pérez _b10 |
||
| 999 |
_c8878 _d8878 |
||